<?xml version="1.0" encoding="UTF-8"?>
<record
    xmlns:xsi="http://www.w3.org/2001/XMLSchema-instance"
    xsi:schemaLocation="http://www.loc.gov/MARC21/slim http://www.loc.gov/standards/marcxml/schema/MARC21slim.xsd"
    xmlns="http://www.loc.gov/MARC21/slim">

  <leader>00657nam a22001937a 4500</leader>
  <datafield tag="999" ind1=" " ind2=" ">
    <subfield code="c">195968</subfield>
    <subfield code="d">195968</subfield>
  </datafield>
  <controlfield tag="005">20230512162116.0</controlfield>
  <datafield tag="010" ind1=" " ind2=" ">
    <subfield code="a">UR-11985</subfield>
  </datafield>
  <datafield tag="020" ind1=" " ind2=" ">
    <subfield code="a">9789380124179</subfield>
    <subfield code="c">200.00</subfield>
  </datafield>
  <datafield tag="035" ind1=" " ind2=" ">
    <subfield code="a">U-10540</subfield>
  </datafield>
  <datafield tag="037" ind1=" " ind2=" ">
    <subfield code="b">DBAD/PUB</subfield>
  </datafield>
  <datafield tag="082" ind1=" " ind2=" ">
    <subfield code="a">841</subfield>
  </datafield>
  <datafield tag="100" ind1=" " ind2=" ">
    <subfield code="a">&#x634;&#x627;&#x6C1;&#x62F; &#x646;&#x648; &#x62E;&#x6CC;&#x632; &#x627;&#x639;&#x638;&#x645;&#x6CC;</subfield>
  </datafield>
  <datafield tag="245" ind1=" " ind2=" ">
    <subfield code="a">&#x638;&#x641;&#x631; &#x62D;&#x633;&#x646; &#x639;&#x6CC;&#x646;&#x6CC; &#x6A9;&#x6CC; &#x627;&#x62F;&#x628;&#x6CC; &#x62E;&#x62F; &#x645;&#x627;&#x62A; /</subfield>
    <subfield code="c">&#x634;&#x627;&#x6C1;&#x62F; &#x646;&#x648; &#x62E;&#x6CC;&#x632; &#x627;&#x639;&#x638;&#x645;&#x6CC;</subfield>
  </datafield>
  <datafield tag="246" ind1=" " ind2=" ">
    <subfield code="a">Zafar Hasan Aini ki Adabi Khidmat /</subfield>
    <subfield code="b">by Shahid Naukhez Azmi</subfield>
  </datafield>
  <datafield tag="260" ind1=" " ind2=" ">
    <subfield code="a">Hyderabad</subfield>
    <subfield code="b">Al-Ansar Publications</subfield>
    <subfield code="c">2010 &#x621;</subfield>
  </datafield>
  <datafield tag="270" ind1=" " ind2=" ">
    <subfield code="a">Maulana Azad National University</subfield>
    <subfield code="b">Hyderabad</subfield>
    <subfield code="e">32</subfield>
  </datafield>
  <datafield tag="300" ind1=" " ind2=" ">
    <subfield code="a">152 &#x635;</subfield>
    <subfield code="c">22cm(Hb)</subfield>
  </datafield>
  <datafield tag="942" ind1=" " ind2=" ">
    <subfield code="2">ddc</subfield>
    <subfield code="c">UR</subfield>
    <subfield code="h">841</subfield>
    <subfield code="m">&#x634; &#x627; &#x6C1;</subfield>
  </datafield>
  <datafield tag="952" ind1=" " ind2=" ">
    <subfield code="0">0</subfield>
    <subfield code="1">0</subfield>
    <subfield code="4">0</subfield>
    <subfield code="7">0</subfield>
    <subfield code="8">NFIC</subfield>
    <subfield code="a">BL4</subfield>
    <subfield code="b">BL4</subfield>
    <subfield code="d">2023-05-12</subfield>
    <subfield code="e">DBAD/PUB</subfield>
    <subfield code="g">200.00</subfield>
    <subfield code="l">0</subfield>
    <subfield code="o">841 &#x634; &#x627; &#x6C1;</subfield>
    <subfield code="p">U-10540</subfield>
    <subfield code="r">2023-05-12 00:00:00</subfield>
    <subfield code="t">1</subfield>
    <subfield code="v">200.00</subfield>
    <subfield code="w">2023-05-12</subfield>
    <subfield code="y">UR</subfield>
  </datafield>
</record>
